Normal view
MARC view
- Women private investigators
Entry Topical Term
001 - CONTROL NUMBER
- control field: 12897
003 - CONTROL NUMBER IDENTIFIER
- control field: NUST
005 - DATE AND TIME OF LATEST TRANSACTION
- control field: 20190103042635.0
008 - FIXED-LENGTH DATA ELEMENTS
- fixed length control field: 190103|| aca||aabn | a|a d
040 ## - CATALOGING SOURCE
- Original cataloging agency: NUST
- Transcribing agency: NUST
150 ## - HEADING--TOPICAL TERM
- Topical term or geographic name entry element: Women private investigators
- Geographic subdivision: England
- General subdivision: Fiction.
670 ## - SOURCE DATA FOUND
- Source citation: Work cat.: (NUST)0: James, P. D. 12896, An unsuitable job for a woman, 2000.
